MDQL
is popping MORE tags! Check the
thread
!
Quizzes
Events
Quiz Creation
Community
Videos
Private Events
Remove Ads
Sign In
Join for FREE
Feedback
Dark Mode
Quiz Categories
Sports
Geography
Music
Movies
Television
Just For Fun
Miscellaneous
History
Literature
Language
Science
Gaming
Entertainment
Religion
Holiday
For Kids
Quiz Lab
Recent
Popular Today
Quiz Kudos Today
Editor Picks
Curator Picks
Quizzes by...
Day
Popularity
Type
Ratings
Length
Year
Community
Subscriptions
Recent Discussions
Orange Saloon
Badges
Playlists
Quests
Create
Leaderboards
Showdown
Live 5
Trivia Bingo
Activity
Puzzle Library
Sporcle Events
Private Events
Virtual Trivia
Globe League
Become a Host
Pub Owners
SporcleCon
Opinionation
Our Games
Videos
Blog
Mobile Apps
Partnerships
Remove Ads and Go Orange
Feedback
Gaming
Video Games
Board Games
Card Games
Pokémon
Mario
Nintendo
Minecraft
Console
Toys
Legend of Zelda
Gaming
Video Games
Board Games
Card Games
Pokémon
Mario
Nintendo
Minecraft
Console
Toys
Legend of Zelda
Random Quiz
Search Sporcle
×
Quiz Lab
Quiz Lab
Gaming
description
Type in answers that appear in a list
Type in answers that appear in a list
Classic
Best Score? Go Orange.
Poker Terminology Stats
Can you name the following poker terms and abbreviations?
By
alexburlton
12m
50 Questions
795 Plays
795 Plays
795 Plays
Comments
Comments
Give Quiz Kudos
Give Quiz Kudos
-
- Ratings
hide this ad
Forced Order
Answers have to be entered in order
Answers have to be entered in order
Replay
Link that replays current quiz
Next Quiz
Link to next quiz in quiz playlist
You Got
0%
They Got
Avg Score
42%
Avg Friend Score
Upgrade to see
Score Distribution
Jump to the score distribution portion of the page
Score
0/50
Timer
12:00
0
Plays Today
Description
Term
% Correct
To bet more than is in the pot
Overbet
80.9%
Position to the right of the button
Cutoff
73%
To bet on the flop after raising before it
Continuation Bet
72.5%
A 'blind' posted by all players at the table
Ante
72.1%
The absolute best possible hand at a given moment
The Nuts
70.2%
The situation where players are one knockout away from cashing a tournament
The Bubble
68.1%
A straight draw where only one rank of card will complete it
Gutshot
66.9%
The name for the straight A2345
The Wheel
65.2%
A bet designed to extract the most money from your opponent's range of hands
Value Bet
64.3%
Playing the game differently/
worse than normal is called being on...?
Tilt
63.4%
'ITM'
In the Money
63.3%
The straight TJQKA, or the group of cards that are ten or higher
Broadway
61.1%
To put in the third bet (second raise) of the current street
3bet
61%
First to act before the flop
Under the Gun
59.9%
To bet/
raise on a draw
Semi-Bluff
59.1%
When a player wins a pot after making a bad call and being way behind their opponent is said to suffer a...
Suckout
58.7%
When two players are all-
in and both are roughly 50% to win
Coinflip
56%
A draw that requires two more cards to be completed
Backdoor
52.1%
A generally loose player who calls too often or plays too many marginal/
bad hands
Fish
51.8%
Position two to the right of the button
Hi-Jack
50.9%
A phrase shouted by a player who is all in and vainly hoping to get lucky
One Time
46.8%
Describes 9-
handed play
Full Ring
43.3%
A player who will call on multiple streets with weak hands regularly
Station
43%
To think over a difficult decision
Tank
42.5%
The potential that your bet has to induce a fold
Fold Equity
39.7%
Description
Term
% Correct
To bet into the initial raiser/
aggressor of the previous street
Donk
39.6%
A very tight player who only plays premium hands
Rock
39.6%
'OOP'
Out Of Position
37.9%
To make a small bet in order to reduce the cost of a showdown with a marginal hand
Blocker Bet
37.6%
'MP'
Mid-Position
37.5%
'ROI'
Return on Investment
37.1%
'LAG'
Loose Aggressive
35.3%
Calling because you perceive you can get extra value out of a hand if you hit your draw is calling for the...
Implied Odds
34.3%
To play a (generally small) pocket pair in order to try and catch trips
Setmine
33.8%
'TPTK'
Top Pair Top Kicker
33.6%
'OESD'
Open-Ended Straight Draw
33.5%
Reraising after a raise and one or more calls in front
Squeeze
33.3%
To represent weakness with a strong hand to get more value
Slowplay
30.4%
Your current stack divided by the starting amount of the pot (all blinds)
M
28.4%
To call with a relatively weak holding out of not wanting to be bluffed or because of a particularly strong read
Hero
23.1%
'ATC'
Any Two Cards
19.9%
'NFD'
Nut Flush Draw
19.1%
'OR'
Original Raiser
19%
'ICM'
Independent Chip Model
16.4%
An imaginary phenomenon assigned to a period of 'running bad' for a poker player
Downswing
13.7%
When you're facing a raise with a player who has shown strength still to act behind you are in a...
Sandwich
10.4%
'FPS'
Fancy Play Syndrome
10.1%
'RIO'
Reverse Implied Odds
6%
A very small bet that deliberately gives your opponent great odds to call
Raptor Bet
3%
Regretting a statistically correct play based on what happened or might have happened in one instance
ROT
2.9%
Quiz Playlist
Details
Report
Send in Message
Add To Playlist
Classic:
Type in answers that appear in a list
Forced Order:
Answers have to be entered in order
Last Updated: Feb 16, 2017
Quiz Scoreboard
CHALLENGE
Sign Up to Join the Scoreboard
Show All
Scores
Hide
Comments
May contain spoilers
Recently Published
Image Sorting: Flags VI
by Barbecue
Geography
2m
Find the 'City' Movie
by crazypaving
Movies
60s
Colored Red Africa Blitz
by spor1
Geography
45s
More to Explore
Quiz From the Vault
Featured Blog Post
14 Easter Pick-up Lines to Find Eggs With
hide this ad
You Might Also Like...
Tags
Abbreviation
description
Poker
Term
Terminology
Today's Top Quizzes in Gaming
Browse Gaming
hide this ad
Today's Top Quizzes in description
Browse description
Top Contributed Quizzes in Gaming
1
League of Legends Pro Players by Career/Team History
2
Destiny 2 exotic weapons by perk icons
3
Genshin murder mystery
4
Dead By Daylight Logic Puzzle
5
Genshin Impact Logic Puzzle
6
Overwatch Logic Puzzle
7
4x4 Decades: Video Games
8
Who's on the WWE 2K24 Cover?
9
Overwatch 2: Ultimate Ability Icons
10
Valorant Agent Developer Names (Up to Clove)
Explore More
Trending Topics
Marvel
Harry Potter
Disney
Kpop
Crossword
Anime
NBA
Country
Pokémon
Puzzle
NFL
Song
Soccer
WWE
The Office
hide this ad
More By:
alexburlton
Quiz
Plays
Rating
Category
Featured
Created
OCR Photosynthesis
1,003
3.75
Science
Dec 17, 2009
OCR Respiration
886
4.17
Science
Dec 17, 2009
Poker Terminology
795
3.38
Gaming
Nov 26, 2009
Ayreon Members
270
4.33
Music
Dec 4, 2009
Poker Terminology II
252
3.33
Gaming
Nov 27, 2009
Go to Creator's Profile
Score Distribution
Quiz Creator Spotlight
alexburlton
Follow
Send a Message
Quizzes Created
-
Created Quiz Play Count
-
More By This Creator
Popular Quizzes Today
1
Colored Red Africa Blitz
2
Find the US States - No Outlines Minefield
3
Find the 'City' Movie
4
5x2 Blitz: Bands
5
The Countries of the World
6
Find the US States
7
Find the Countries of Europe - No Outlines Minefield
8
US States
More Gaming Quizzes
Mysterious Pokémon
Curator's Pick
Trending Quizzes
Colored Red Europe Blitz I
Colored Red Europe Blitz II
Colored Red Africa Blitz II
Colored Red Europe Blitz III
Colored Red Africa Blitz III
Recently Updated
How Do You Spell That?
pecheneg
Godzilla Movies
pecheneg
Grab Bag: 4-10 Letters
pecheneg
2024 March Madness Bracket
pecheneg
Famous TV Couples
Peacemaker
Champions League XIs: Real Madrid
pecheneg
Largest US Cities 1790-2010
pecheneg
Rides in Walt Disney World
pecheneg
Most Oscar Losses (Acting)
pecheneg
Beyoncé Albums
pecheneg
Trending Topics
Crossword
Disney
Anime
Harry Potter
Marvel
NBA
Kpop
Soccer
Country
Puzzle
Pokémon
The Office
NFL
WWE
Song
Your Account Isn't Verified!
In order to create a playlist on Sporcle, you need to verify the email address you used during registration. Go to your
Sporcle Settings
to finish the process.
Report this User
Report this user for behavior that violates our
Community Guidelines
.
Details:
Send Report
Go to the Sporcle.com Mobile Site →
Comments